Internet toàn tập : hướng dẫn - thao tác - ứng dụng
Đã lưu trong:
| Tác giả chính: | |
|---|---|
| Định dạng: | Sách |
| Được phát hành: |
Nxb Trẻ
1998
|
| Các nhãn: |
Thêm thẻ
Không có thẻ, Là người đầu tiên thẻ bản ghi này!
|
| Thư viện lưu trữ: | Mạng thư viện Đại học Đà Nẵng |
|---|
| LEADER | 00610nam a2200217 a 4500 | ||
|---|---|---|---|
| 001 | 000028839 | ||
| 003 | 617 | ||
| 005 | 20171030145630.0 | ||
| 008 | 171030s1998 | ||
| 040 | |a LTT | ||
| 082 | 0 | |a 004.678 |b VI-P | |
| 100 | 1 | |a Vincent, Patrick | |
| 245 | 0 | 0 | |a Internet toàn tập : hướng dẫn - thao tác - ứng dụng |c Patrick Vincent ; Đoàn Công Hùng, Nguyễn Văn Phước M.S. dịch. |
| 260 | |b Nxb Trẻ |c 1998 | ||
| OWN | |a LTT | ||
| 999 | |a From the UDN01 | ||
| TYP | |a Monograph | ||
| TYP | |a Printed language | ||
| 980 | |a Mạng thư viện Đại học Đà Nẵng | ||